Actas de derecho industrial y derecho de autor. Tomo XXIV, 2003

Bibliographic Details
Main Author: Gm̤ez Segade, Jos ̌Antonio
Corporate Author: Universidad de Santiago de Compostela. Instituto de Derecho Industrial
Other Authors: Botana Agra, Manuel Još
Format: Unknown
Language:Spanish
Published: [Santiago de Compostela] : Instituto de Derecho Industrial de la Universidad de Santiago de Compostela, [2005]
Subjects:
Online Access:Acceso restringido

MARC

LEADER 00000ny a22000003n 4500
005 20110223130837.0
008 020326s2001 sp s 000 spa c
020 |a 8497681932 
035 |a 5048 
040 |a UMA.RE  |d vLex 
080 |a 347.77/78 
090 |c 17  |d 17 
100 0 |a Gm̤ez Segade, Jos ̌Antonio 
245 0 0 |a Actas de derecho industrial y derecho de autor.  |n Tomo XXIV,  |p 2003  |h [Recurso electrn̤ico]  |c Jos ̌A. Gm̤ez Segade, Manuel Botana Agra  
256 |a Servicio en ln̕ea 
260 |a [Santiago de Compostela] :  |b Instituto de Derecho Industrial de la Universidad de Santiago de Compostela,  |c [2005] 
506 1 |a Contenido solo disponible en los productos indicados  |d vLex Global  |d vLex Global (Academic Edition, excluding Law Schools)  |d vLex Global (U.S. Academic Edition, Law Schools)  |d vLex Global (U.S. Academic Edition, excluding Law Schools)  |d vLex Global (Academic Edition, Law Schools) 
650 0 7 |a Propiedad industrial  |2 Tesauro vLex 
650 0 7 |a PARCELAS MENSAIS  |2 Tesauro vLex 
650 0 7 |2 Tesauro vLex  |a Derechos de autor 
650 0 7 |2 Tesauro vLex  |a Propiedad intelectual 
700 1 |a Botana Agra, Manuel Još 
710 2 |a Universidad de Santiago de Compostela.  |b Instituto de Derecho Industrial 
740 0 |a vLex Libros (Servicios en ln̕ea) 
856 4 0 |z Acceso restringido  |u http://vlex.com/source/actas-derecho-industrial-derecho-autor-tomo-xxiv-2003-5048 
942 |c BOOK 
999 0 |a Industrial property  |b Spain 
999 0 |a Copyright  |b Spain